| Tag |
First Indicator |
Second Indicator |
Subfields |
| LEADER |
00000cam a2200000 a 4500 |
| 001 |
in00000006034 |
| 007 |
he bmb024bbca |
| 008 |
990823s1999 dcua bb f000 0 eng c |
| 005 |
20230331144400.2 |
| 035 |
|
|
|a (OCoLC)ocm42206942
|
| 035 |
|
|
|9 AJK0115AM
|
| 035 |
|
|
|a in00000006034
|
| 037 |
|
|
|a 161782
|b GAO (202) 512-6000 (Voice); (202) 512-6061 (Fax)
|f paper copy
|
| 040 |
|
|
|a GPO
|c GPO
|d DLC
|d MvI
|d UtOrBLW
|
| 042 |
|
|
|a pcc
|
| 043 |
|
|
|a n-mx---
|a n-us---
|
| 049 |
|
|
|a UMIC
|
| 049 |
|
|
|a WWW
|
| 074 |
|
|
|a 0546-D-01 (MF)
|
| 074 |
|
|
|a 0546-D-01 (online)
|
| 086 |
0 |
|
|a GA 1.5/2:T-NSIAD-99-98
|
| 100 |
1 |
|
|a Nelson, Benjamin F.
|
| 245 |
1 |
0 |
|a Drug control :
|b update on U.S.-Mexican counternarcotics activities : statement of Benjamin F. Nelson, Director, International Relations and Trade Issues, National Security and International Affairs Division, before the Subcommittee on Criminal Justice, Drug Policy, and Human Resources, Committee on Government Reform, House of Representatives /
|c United States General Accounting Office.
|
| 246 |
3 |
0 |
|a Update on U.S.-Mexican counternarcotics activities
|
| 264 |
|
1 |
|a Washington, D.C. (P.O. Box 37050, Washington, D.C. 20013) :
|b The Office,
|c [1999]
|
| 300 |
|
|
|a 16 pages, 2 unnumbered pages :
|b illustrations ;
|c 28 cm.
|
| 336 |
|
|
|a text
|b txt
|2 rdacontent
|
| 337 |
|
|
|a microform
|b h
|2 rdamedia
|
| 338 |
|
|
|a microfiche
|b he
|2 rdacarrier
|
| 490 |
1 |
|
|a Testimony ;
|v GAO/T-NSIAD-99-98
|
| 500 |
|
|
|a Shipping list number: 99-0814-M.
|
| 500 |
|
|
|a "For release ... March 4, 1999."
|
| 500 |
|
|
|a "March 4, 1999."
|
| 504 |
|
|
|a Includes bibliographical references.
|
| 533 |
|
|
|a Microfiche.
|b [Washington, D.C.] :
|c Supt. of Docs., U.S. G.P.O.,
|d 1999
|e 1 microfiche : negative.
|
| 530 |
|
|
|a Also available via Internet from the GPO Access web site. Address as of 02/05/02: http://frwebgate.access.gpo.gov/cgi-bin/getdoc.cgi?dbname=gao&docid=f:ns99098t.pdf; current access is available via PURL.
|
| 500 |
|
|
|a Microform.
|
| 650 |
|
0 |
|a Drug traffic
|z Mexico.
|
| 650 |
|
0 |
|a Drug control
|z Mexico.
|
| 651 |
|
0 |
|a United States
|x Foreign relations
|z Mexico.
|
| 650 |
|
0 |
|a Technical assistance, American
|z Mexico.
|
| 710 |
1 |
|
|a United States.
|b General Accounting Office.
|
| 830 |
|
0 |
|a Testimony ;
|v GAO/T-NSIAD-99-98.
|
| 856 |
4 |
1 |
|u https://purl.fdlp.gov/GPO/LPS17216
|z Adobe Acrobat Reader required
|t 0
|
| 999 |
|
|
|a MARS
|
| 999 |
f |
f |
|i d4ec2155-950a-36a7-ba08-25b091b167ad
|s 35a24273-b480-3f8e-89b1-06e8827a0343
|t 0
|
| 952 |
f |
f |
|p normal
|a Texas A&M University
|b College Station
|c Sterling C. Evans Library
|d Evans: US Documents Microfiche (3rd floor)
|t 0
|e GA 1.5/2:T-NSIAD-99-98
|h Superintendent of Documents classification
|i microform -- microfiche
|m A14824328671
|
| 952 |
f |
f |
|a Texas A&M University
|b College Station
|c Electronic Resources
|d Available Online
|t 0
|e GA 1.5/2:T-NSIAD-99-98
|h Superintendent of Documents classification
|
| 998 |
f |
f |
|a GA 1.5/2:T-NSIAD-99-98
|t 0
|l Evans: US Documents Microfiche (3rd floor)
|
| 998 |
f |
f |
|a GA 1.5/2:T-NSIAD-99-98
|t 0
|l Available Online
|